00611nam a22001697a 4500003000900000008004100009040007100050082001800121100001900139245008200158260004800240300003000288440005300318650002100371650002200392650002700414AR-CdUCM190326b ||||| |||| 00| 0 spa d aMUNICIPALIDAD PROVINCIAL DEL CUSCOcBIBLIOTECA MUNICIPAL DEL CUSCO a869.56 /bL83 aLopez C. ,Luis a42 poemas de Luis C. Lopez :bSeleccion y Estudio por Carlos Garcia - Prada / aMéxico :bRevista Iberiamericana ,c1943. a258 páginas ;c23.2 cm. aColeccion Literaria de la Revista Iberoamericana aEstudio de Prosa aPoesia Méxicana aPoesia Latinoamericana